[Event "Tehran Universities-ch"]
[Site "Tehran"]
[Date "2020.11.30"]
[Round "4"]
[White "Sajadi Naeini, Seyed Soheil"]
[Black "Kashefi, Amir Hossein"]
[Result "0-1"]
[WhiteElo "1673"]
[BlackElo "2121"]
[PlyCount "124"]
[EventDate "2020.11.30"]
[EventType "swiss (rapid)"]
[EventRounds "7"]
[EventCountry "IRI"]
[SourceTitle "CBM 199 Extra"]
[Source "ChessBase"]
[SourceDate "2021.01.31"]
[SourceVersion "1"]
[SourceVersionDate "2021.01.31"]
[SourceQuality "1"]

1. e4 c6 2. d4 d5 3. e5 Bf5 4. Nc3 e6 5. g4 Bg6 6. Nge2 c5 7. Nf4 cxd4 8. Qxd4 Nc6 9. Qa4 d4 10. Nxg6 hxg6 11. Ne4 Bb4+ 12. Bd2 Qd5 13. Bg2 Bxd2+ 14. Kxd2 Qxe5 15. h3 0-0-0 16. Rae1 Qa5+ 17. Qxa5 Nxa5 18. Nc5 Nf6 19. Kc1 b6 20. Nd3 Rd7 21. Nb4 Rhd8 22. g5 Ne8 23. h4 Nd6 24. b3 Nf5 25. h5 gxh5 26. Rxh5 Rc7 27. Kb2 g6 28. Rh7 Nd6 29. Na6 Re7 30. f4 Nf5 31. Be4 Ne3 32. Bxg6 Nd5 33. Rxf7 Rxf7 34. Bxf7 Kb7 35. g6 d3 36. cxd3 Nxf4 37. Re3 Nxg6 38. Bxg6 Kxa6 39. Rxe6 Nb7 40. b4 Nd6 41. a4 Kb7 42. b5 Rd7 43. Be4+ Kc7 44. Rh6 Rg7 45. Rh8 Rf7 46. Ra8 Nc8 47. Bg6 Rf2+ 48. Kb3 Rf4 49. Be8 Rd4 50. Kc3 Rxa4 51. d4 Ne7 52. Bf7 Nf5 53. Be6 Nxd4 54. Rc8+ Kd6 55. Rd8+ Kxe6 56. Rxd4 Rxd4 57. Kxd4 Kd6 58. Kc4 Ke5 59. Kc3 Kd5 60. Kb3 Kc5 61. Ka4 Kc4 62. Ka3 Kxb5 0-1